| 000 | 00364nam a2200133Ia 4500 | ||
|---|---|---|---|
| 008 | 260604s9999 xx 000 0 und d | ||
| 020 | _a9789811290619 | ||
| 082 | _a320.6 QUI | ||
| 100 |
_aJohn quiggin _935819 |
||
| 245 | 0 | _aPublic Policy and Climate Change: Politics Philosophy and Economics | |
| 260 | _bWorld Scientific | ||
| 500 | _aPublic Policy | ||
| 942 | _cBK | ||
| 999 |
_c8652 _d8652 |
||